| 000 | 00585nam a2200205 a 4500 | ||
|---|---|---|---|
| 005 | 20151113124653.0 | ||
| 008 | 140305b1993 ck ||||| |||| 00| 0 spa d | ||
| 040 |
_aCO-BoIAVH _cCO-BoIAVH |
||
| 041 | _aspa | ||
| 044 | _ack | ||
| 090 |
_aLB _b02318 |
||
| 100 |
_aHenao S., Lilian Damarys _916234 |
||
| 245 | _aEstudios complementarios de la avifauna en el área de influencia del proyecto Calima III | ||
| 260 |
_aCali _c1993 _bs.e. |
||
| 300 | _a97 | ||
| 650 |
_aMétodos de campo _93855 |
||
| 650 |
_aGrupos taxonómicos _914026 |
||
| 662 |
_aColombia _bValle |
||
| 942 |
_cINFORME _2z |
||
| 999 |
_c2506 _d2506 |
||